[Event "DVM U10 2014"]
[Site "Magdeburg GER"]
[Date "2014.12.27"]
[Round "2"]
[White "Yin, Haode"]
[Black "Grüninger, Nils"]
[Result "1-0"]
[Termination "normal"]
[Board "11.4"]
[WhiteElo "924"]
[BlackElo "848"]
[WhiteTeam "SK Blauer Springer Paderborn 1"]
[BlackTeam "SC Erlangen 48/88"]
[PlyCount "117"]
[WhiteFideId "16261348"]
[BlackFideId "12942995"]
[EventCountry "GER"]
[EventRounds "7"]
[EventType "team-swiss"]
[EventDate "2014.12.27"]

1. d4 d5 2. Bf4 Nf6 3. Nf3 Nc6 4. e3 e6 5. c3 Bd6 6. Bg3 O-O 7. Bd3 Bxg3 8.
hxg3 Re8 $146 9. Nbd2 e5 10. dxe5 Nxe5 11. Nxe5 Rxe5 12. Nf3 Re6 13. Ng5 Rb6
14. Nxh7 Nxh7 15. Bxh7+ Kf8 16. Bd3 Rh6 17. Rxh6 gxh6 18. Qh5 Qd6 19. f4 Bd7
20. O-O-O Re8 21. Re1 Qb6 22. Qf3 Bc6 23. Qe2 Qa5 24. Qd1 a6 25. c4 d4 26. e4
f5 27. e5 Bxg2 28. Bxf5 Bc6 29. Qd2 Qxd2+ 30. Kxd2 b5 31. b3 bxc4 32. bxc4 Rd8
33. Kd3 Ba4 34. Be4 c5 35. f5 Rd7 36. Rh1 Rh7 37. f6 Rh8 38. e6 Rg8 39. Rxh6
Rxg3+ 40. Kd2 Rg4 41. Rh8+ Rg8 42. e7+ Kf7 43. Rxg8 Kxg8 44. e8=Q+ Bxe8 45. Bb7
Bf7 46. Bxa6 Bg6 47. Bb7 Kf7 48. a4 d3 49. a5 Ke8 50. a6 Kd7 51. a7 Ke6 52.
a8=Q Ke5 53. Qb8+ Kd4 54. Qd6+ Kxc4 55. Qd5+ Kb5 56. Qb3+ Ka5 57. Bc6 Ka6 58.
Qb7+ Ka5 59. Qb5# 1-0

[Event "DVM U10 2014"]
[Site "Magdeburg GER"]
[Date "2014.12.27"]
[Round "2"]
[White "Kipke, Mark"]
[Black "Weihrauch, Jakob"]
[Result "1-0"]
[Termination "normal"]
[Board "12.1"]
[WhiteElo "1037"]
[BlackElo "1602"]
[WhiteTeam "Königsspringer SC 1984"]
[BlackTeam "Hamburger SK 1"]
[PlyCount "67"]
[WhiteFideId "16217616"]
[BlackFideId "16210115"]
[EventCountry "GER"]
[EventRounds "7"]
[EventType "team-swiss"]
[EventDate "2014.12.27"]

1. e4 c5 2. Nf3 d6 3. Nc3 a6 4. Bc4 e6 5. d4 b5 6. Bd3 cxd4 7. Nxd4 Nf6 8. Bg5
Be7 9. O-O h6 10. Be3 O-O 11. Qf3 Bb7 12. Qg3 Kh8 13. Qh3 Ng8 14. Nce2 g5 15.
f4 Kg7 16. Ng3 gxf4 17. Rxf4 Bg5 18. Rf3 Bxe3+ 19. Rxe3 Qb6 20. Qg4+ Kh8 21.
Ngf5 exf5 22. Nxf5 Qxe3+ 23. Nxe3 Bc8 24. Qg3 Re8 25. Nf5 Bxf5 26. exf5 Nf6 27.
Qh4 Kg7 28. Re1 Nc6 29. Qg3+ Kh7 30. Be4 d5 31. Bf3 Ra7 32. Rxe8 Nxe8 33. h3
Re7 34. Qh4 {Rest nicht nachvollziehbar} 1-0

[Event "DVM U10 2014"]
[Site "Magdeburg GER"]
[Date "2014.12.27"]
[Round "2"]
[White "Klaas, Heiko"]
[Black "Köppen, Cedric Louis"]
[Result "1-0"]
[Termination "normal"]
[Board "12.2"]
[WhiteElo "1107"]
[BlackElo "930"]
[WhiteTeam "Hamburger SK 1"]
[BlackTeam "Königsspringer SC 1984"]
[PlyCount "33"]
[WhiteFideId "16215940"]
[EventCountry "GER"]
[EventRounds "7"]
[EventType "team-swiss"]
[EventDate "2014.12.27"]

1. e4 e5 2. Nf3 Nc6 3. Bc4 Nf6 4. Nc3 Nxe4 5. Nxe4 d5 6. Bxd5 Qxd5 7. d3 Bg4 8.
h3 Bxf3 9. Qxf3 Nd4 10. Nf6+ gxf6 11. Qxd5 Nxc2+ 12. Kd1 Nxa1 13. Qb5+ c6 14.
Qxb7 Rd8 15. Qxc6+ Ke7 16. b3 Bg7 17. Ba3+ 1-0

[Event "DVM U10 2014"]
[Site "Magdeburg GER"]
[Date "2014.12.27"]
[Round "2"]
[White "David, Philip"]
[Black "Fuhrmann, Philipp"]
[Result "1/2-1/2"]
[Termination "normal"]
[Board "12.3"]
[WhiteElo "906"]
[BlackElo "756"]
[WhiteTeam "Königsspringer SC 1984"]
[BlackTeam "Hamburger SK 1"]
[PlyCount "89"]
[BlackFideId "16227557"]
[EventCountry "GER"]
[EventRounds "7"]
[EventType "team-swiss"]
[EventDate "2014.12.27"]

1. e4 e5 2. Nf3 Nc6 3. Bc4 Nf6 4. d4 Bd6 5. d5 Ne7 6. Be3 Nxe4 7. Bd3 Nf6 8. c4
e4 9. Bxe4 Nxe4 10. Qc2 Nf6 11. Bg5 b6 12. O-O Bb7 13. Re1 Bc5 14. Nc3 Ng4 15.
Re2 O-O 16. b4 Bxb4 17. h3 Nh6 18. a3 Bc5 19. Ne4 Nhf5 20. Nxc5 bxc5 21. Rae1
Re8 22. g4 Nd6 23. Bxe7 Qc8 24. Bxd6 Rxe2 25. Rxe2 cxd6 26. Ng5 g6 27. Re7 Qd8
28. Qe2 Ba6 29. Nxf7 Qf8 30. Nxd6 Rd8 31. Nf7 Rc8 32. Rxd7 Ra8 33. Ng5 Re8 34.
Ne6 Qf6 35. Qc2 Bc8 36. Rd6 Bxe6 37. Rxe6 Rxe6 38. dxe6 Qxe6 39. Qa4 a6 40. Kg2
Qe4+ 41. f3 Qe2+ 42. Kg3 Qe5+ 43. Kg2 Qe2+ 44. Kg3 Qe5+ 45. Kg2 1/2-1/2

[Event "DVM U10 2014"]
[Site "Magdeburg GER"]
[Date "2014.12.27"]
[Round "2"]
[White "Huo, Da"]
[Black "Summers, Jan"]
[Result "1-0"]
[Termination "normal"]
[Board "12.4"]
[WhiteElo "600"]
[BlackElo "600"]
[WhiteTeam "Hamburger SK 1"]
[BlackTeam "Königsspringer SC 1984"]
[PlyCount "79"]
[WhiteFideId "16221206"]
[BlackFideId "16217624"]
[EventCountry "GER"]
[EventRounds "7"]
[EventType "team-swiss"]
[EventDate "2014.12.27"]

1. e4 c5 2. Nf3 Nc6 3. Nc3 g6 4. Bb5 Bg7 5. Bxc6 bxc6 6. d3 Nf6 7. Be3 Qa5 8.
Bd2 O-O 9. O-O Ng4 10. h3 Nh6 11. a3 Ba6 12. Rb1 e6 13. Qe1 c4 14. Qc1 d5 15.
Nxd5 Qc5 16. Nc7 Qb6 17. Nxa8 Qb7 18. Bxh6 Qxa8 19. Bxg7 Kxg7 20. Qe3 f5 21.
exf5 exf5 22. Qd4+ Rf6 23. Rfe1 Qb7 24. Re6 Qf7 25. Rxc6 Bb7 26. Ng5 Bxc6 27.
Nxf7 Kxf7 28. Qxc4+ Kg7 29. Qc3 f4 30. Re1 Kf7 31. Qe5 Rf5 32. Qe6+ Kg7 33.
Qxc6 Kh6 34. d4 Kh5 35. Re5 Rg5 36. Qf3+ Kh6 37. Qxf4 Kg7 38. Qxg5 Kf7 39. Re7+
Kg8 40. Rxa7 1-0

[Event "DVM U10 2014"]
[Site "Magdeburg GER"]
[Date "2014.12.27"]
[Round "2"]
[White "Pfluger, Jan"]
[Black "Macher, Thore"]
[Result "1-0"]
[Termination "normal"]
[Board "13.2"]
[WhiteElo "966"]
[BlackElo "1082"]
[WhiteTeam "SF Bremer Osten"]
[BlackTeam "SV Dresden-Leuben"]
[PlyCount "83"]
[WhiteFideId "16218299"]
[EventCountry "GER"]
[EventRounds "7"]
[EventType "team-swiss"]
[EventDate "2014.12.27"]

1. e4 e5 2. Nf3 Nc6 3. Bc4 Bc5 4. c3 Nf6 5. d4 exd4 6. cxd4 Bb4+ 7. Nc3 Nxe4 8.
O-O Bxc3 9. bxc3 O-O 10. Qd3 Nf6 11. Ng5 h6 12. Nf3 d5 13. Bb3 Be6 14. Bc2 Qd7
15. Ba4 a6 16. Ne5 Qd6 17. Ba3 Qxa3 18. Bc2 Ne7 19. Rfe1 Bf5 20. Qe2 Bxc2 21.
Qxc2 Rfe8 22. Rab1 b5 23. Re3 Qd6 24. Rbe1 Nc6 25. Qd3 b4 26. cxb4 Nxb4 27. Qb1
Rab8 28. Ng4 Rxe3 29. Nxf6+ Qxf6 30. Rxe3 Nc6 31. Qc2 Qg5 32. h3 Qf6 33. Qd3
Nxd4 34. Kh2 Qd6+ 35. g3 c5 36. Kg2 Rb2 37. Re8+ Qf8 38. Rxf8+ Kxf8 39. Qxa6 g6
40. Qa5 c4 41. Qc5+ Kg7 42. Qxd4+ 1-0

[Event "DVM U10 2014"]
[Site "Magdeburg GER"]
[Date "2014.12.27"]
[Round "2"]
[White "Wiedersich, Hendryk"]
[Black "Pass, Maurice"]
[Result "1-0"]
[Termination "normal"]
[Board "13.3"]
[WhiteElo "1004"]
[BlackElo "600"]
[WhiteTeam "SV Dresden-Leuben"]
[BlackTeam "SF Bremer Osten"]
[PlyCount "53"]
[WhiteFideId "16255399"]
[EventCountry "GER"]
[EventRounds "7"]
[EventType "team-swiss"]
[EventDate "2014.12.27"]

1. d4 e5 2. dxe5 Bc5 3. Nc3 f6 4. e6 dxe6 5. Qxd8+ Kxd8 6. Bd2 Bb4 7. O-O-O Nc6
8. Bh6+ Ke8 9. Bxg7 Nge7 10. Bxh8 Bxc3 11. bxc3 Nf5 12. Bxf6 Ne5 13. Bxe5 c6
14. e4 Ne7 15. Bc4 Ng6 16. Bf6 b5 17. Bb3 a5 18. a4 bxa4 19. Bxa4 Bd7 20. h4
Rb8 21. h5 Nf4 22. g3 Ng2 23. Rh2 e5 24. Bxe5 Bg4 25. Rf1 Be2 26. Nxe2 Ke7 27.
Bxb8 1-0

[Event "DVM U10 2014"]
[Site "Magdeburg GER"]
[Date "2014.12.27"]
[Round "2"]
[White "Bakiyev, Diyar"]
[Black "Phan Trong, Dai"]
[Result "0-1"]
[Termination "normal"]
[Board "13.4"]
[WhiteElo "795"]
[BlackElo "782"]
[WhiteTeam "SF Bremer Osten"]
[BlackTeam "SV Dresden-Leuben"]
[PlyCount "58"]
[WhiteFideId "16230531"]
[BlackFideId "16236939"]
[EventCountry "GER"]
[EventRounds "7"]
[EventType "team-swiss"]
[EventDate "2014.12.27"]

1. e4 e5 2. Nf3 Nc6 3. Bc4 d6 4. Nc3 Nf6 5. Ng5 d5 6. exd5 Nxd5 7. Bxd5 Qxg5 8.
d3 Qd8 9. Be3 Nb4 10. Qf3 f6 11. O-O Nxc2 12. Rac1 Nxe3 13. Qxe3 c6 14. Bf3 Bd6
15. h3 O-O 16. Qe4 f5 17. Qc4+ Kh8 18. Ne2 Re8 19. d4 e4 20. Bh5 Re6 21. Bf7
Re7 22. Ng3 Qf8 23. Nxf5 Bxf5 24. Bh5 Be6 25. Qe2 b5 26. Rxc6 Bc4 27. Qg4 Bxf1
28. Kxf1 e3 29. Rxd6 Qxf2# 0-1

[Event "DVM U10 2014"]
[Site "Magdeburg GER"]
[Date "2014.12.27"]
[Round "2"]
[White "Wang, Xinyuan"]
[Black "Rößler, Philipp"]
[Result "1-0"]
[Termination "normal"]
[Board "14.1"]
[WhiteElo "1251"]
[BlackElo "915"]
[WhiteTeam "SG Königskinder Hohentübingen"]
[BlackTeam "SC 1994 Oberland"]
[PlyCount "53"]
[WhiteFideId "16221494"]
[BlackFideId "16209885"]
[EventCountry "GER"]
[EventRounds "7"]
[EventType "team-swiss"]
[EventDate "2014.12.27"]

1. d4 d5 2. Nf3 Nc6 3. e3 Nf6 4. b3 e6 5. Bb2 Bd6 6. Nbd2 Qe7 7. Bd3 O-O 8. Ne5
Nxe5 9. dxe5 Bc5 10. exf6 gxf6 11. Qf3 e5 12. O-O e4 13. Nxe4 dxe4 14. Bxe4 Bd7
15. Bxf6 Rad8 16. Bxe7 Rfe8 17. Bxc5 Kh8 18. Bd4+ Kg8 19. Bf6 Kf8 20. Bxh7 Re6
21. Qxb7 Rxf6 22. -- Ke7 23. Qe4+ Kf8 24. Rfd1 Bc6 25. Rxd8+ Kg7 26. Rg8+ Kh6
27. Qh4# 1-0

[Event "DVM U10 2014"]
[Site "Magdeburg GER"]
[Date "2014.12.27"]
[Round "2"]
[White "Seibt, Bruno"]
[Black "Jakob, Georg"]
[Result "0-1"]
[Termination "normal"]
[Board "14.2"]
[WhiteElo "862"]
[BlackElo "979"]
[WhiteTeam "SC 1994 Oberland"]
[BlackTeam "SG Königskinder Hohentübingen"]
[PlyCount "85"]
[WhiteFideId "16219988"]
[BlackFideId "16224221"]
[EventCountry "GER"]
[EventRounds "7"]
[EventType "team-swiss"]
[EventDate "2014.12.27"]

1. e4 c5 2. Nf3 a6 3. d4 cxd4 4. Nxd4 Nf6 5. Nc3 e5 6. Nf3 Bb4 7. Bd3 O-O 8.
Nxe5 Qe7 9. f4 d6 10. Nc4 Nxe4 11. Bxe4 Qxe4+ 12. Ne3 Re8 13. Qf3 Qxc2 14. O-O
Qg6 15. f5 Qf6 16. Ncd5 Qd8 17. Nxb4 Qh4 18. Nbd5 Qd8 19. Qg4 Kh8 20. b3 f6 21.
Bb2 b5 22. Rf3 Bb7 23. Rg3 Qd7 24. Nb6 Qc7 25. Rc1 Qf7 26. Ba3 h5 27. Qh4 Re4
28. Qh3 Ra7 29. Rc8+ Bxc8 30. Nxc8 Rd7 31. Nxd6 Rxd6 32. Bxd6 Qe8 33. Bxb8 h4
34. Bc7 -- 35. Bb6 Qc6 36. Ba5 Qc1+ 37. Nf1 Qc5+ 38. Kh1 Qa3 39. Bb6 Re1 40.
Rf3 Qxa2 41. Bf2 Rxf1+ 42. Bg1 Rxf3 43. Qxf3 {Rest nicht nachvollziehbar} 0-1

[Event "DVM U10 2014"]
[Site "Magdeburg GER"]
[Date "2014.12.27"]
[Round "2"]
[White "Dunder, Tim"]
[Black "Augustin, Elias"]
[Result "1-0"]
[Termination "normal"]
[Board "14.3"]
[WhiteElo "830"]
[BlackElo "879"]
[WhiteTeam "SG Königskinder Hohentübingen"]
[BlackTeam "SC 1994 Oberland"]
[PlyCount "131"]
[BlackFideId "16236963"]
[EventCountry "GER"]
[EventRounds "7"]
[EventType "team-swiss"]
[EventDate "2014.12.27"]

1. e4 e5 2. Nf3 Nc6 3. Bb5 a6 4. Bxc6 dxc6 5. Nc3 Nf6 6. Nxe5 Bg4 7. Nxg4 Nxg4
8. Qxg4 Bc5 9. Qxg7 Rf8 10. Qe5+ Be7 11. d3 f6 12. Qe6 Qd6 13. Qxd6 Bxd6 14.
Bh6 Rg8 15. O-O O-O-O 16. Ne2 Rg6 17. Bf4 Bc5 18. Rad1 Rdg8 19. Ng3 h5 20. h4
Rg4 21. d4 Bb6 22. Bh6 Rxh4 23. Nf5 Rxe4 24. Rfe1 Rge8 25. Rxe4 Rxe4 26. Bg7
Rf4 27. Ne7+ Kb8 28. c3 c5 29. Ng6 Rg4 30. Bxf6 Rxg6 31. Be5 Rg5 32. f4 Rf5 33.
Kf1 h4 34. d5 c4 35. d6 cxd6 36. Rxd6 Bc7 37. Rd5 Bxe5 38. Rxe5 Rxf4+ 39. Ke1
Rg4 40. Re8+ Ka7 41. Kf2 Rf4+ 42. Kg1 Rg4 43. Kh2 Rg3 44. Rh8 Rg4 45. Rh5 Re4
46. Kh3 Re2 47. Rxh4 Rxb2 48. Rxc4 Rxa2 49. g4 Ra5 50. Kh4 Re5 51. g5 Re8 52.
g6 Rg8 53. Kh5 Rh8+ 54. Kg5 Rg8 55. Rg4 b5 56. Kf6 Rf8+ 57. Kg7 Rd8 58. Kh7 a5
59. g7 a4 60. Rf4 a3 61. Rf8 Rxf8 62. gxf8=Q a2 63. Qa3+ Kb6 64. Qxa2 b4 65.
cxb4 Kb5 66. Qe6 1-0

[Event "DVM U10 2014"]
[Site "Magdeburg GER"]
[Date "2014.12.27"]
[Round "2"]
[White "Rönsch, Franziska"]
[Black "Aga, Kenan"]
[Result "0-1"]
[Termination "normal"]
[Board "14.4"]
[WhiteElo "677"]
[BlackElo "600"]
[WhiteTeam "SC 1994 Oberland"]
[BlackTeam "SG Königskinder Hohentübingen"]
[PlyCount "106"]
[EventCountry "GER"]
[EventRounds "7"]
[EventType "team-swiss"]
[EventDate "2014.12.27"]

1. e4 e5 2. Nf3 Nc6 3. Bc4 Nf6 4. d3 Bc5 5. O-O O-O 6. Ne1 Qe7 7. Qf3 Nd4 8.
Qg3 Bb4 9. Bh6 Nh5 10. Qg4 Bxe1 11. Qxh5 Qf6 12. Rxe1 Nxc2 13. Nd2 Nxa1 14.
Rxa1 Qxh6 15. Qe2 d6 16. Rf1 Be6 17. Bb5 Bxa2 18. d4 exd4 19. Nf3 c6 20. Nxd4
cxb5 21. Nf5 Qe6 22. Qg4 Qg6 23. Ne7+ Kh8 24. Nxg6+ fxg6 25. Qd7 Bc4 26. Re1
Rad8 27. Qxb7 a5 28. Qe7 Rfe8 29. Qh4 Bd5 30. Re3 Rc8 31. Kf1 Rc1+ 32. Re1
Rxe1+ 33. Kxe1 Rxe4+ 34. Qxe4 Bxe4 35. f3 Bc6 36. Kd2 a4 37. Kc1 b4 38. Kb1 a3
39. bxa3 bxa3 40. Ka1 Bd5 41. f4 Bc4 42. f5 gxf5 43. g4 fxg4 44. h3 gxh3 45.
Kb1 h2 46. Kc2 h1=Q 47. Kc3 Ba6 48. Kb3 Qh3+ 49. Kb4 a2 50. Ka5 a1=Q+ 51. Kb6
Qc1 52. Ka7 Qc7+ 53. Kxa6 Qa3+ 0-1

[Event "DVM U10 2014"]
[Site "Magdeburg GER"]
[Date "2014.12.27"]
[Round "2"]
[White "Gutewort, Paul Emil"]
[Black "Hildebrandt, Colin"]
[Result "1-0"]
[Termination "normal"]
[Board "15.1"]
[WhiteElo "1198"]
[BlackElo "600"]
[WhiteTeam "Sfr. Nord-Ost Berlin"]
[BlackTeam "Hamburger SK 3"]
[PlyCount "49"]
[WhiteFideId "16204182"]
[EventCountry "GER"]
[EventRounds "7"]
[EventType "team-swiss"]
[EventDate "2014.12.27"]

1. e4 e5 2. Nf3 Nf6 3. Nc3 Bb4 4. Nxe5 Bxc3 5. dxc3 Qe7 6. Nd3 Nxe4 7. Be2 Nc6
8. O-O d5 9. Nf4 O-O 10. Bf3 Qg5 11. Nxd5 Bh3 12. Bxg5 Nxg5 13. gxh3 Nxh3+ 14.
Kh1 Rfd8 15. Bg2 Ng5 16. b4 Ne5 17. Ne7+ Kf8 18. Qe2 f6 19. f4 Kxe7 20. fxg5
fxg5 21. Rf5 g6 22. Qxe5+ Kd7 23. Rd1+ Kc8 24. Qe6+ Rd7 25. Rf8# 1-0

[Event "DVM U10 2014"]
[Site "Magdeburg GER"]
[Date "2014.12.27"]
[Round "2"]
[White "Klühs, Isabel"]
[Black "Freitag, Gerrit"]
[Result "0-1"]
[Termination "normal"]
[Board "15.3"]
[WhiteElo "763"]
[BlackElo "600"]
[WhiteTeam "Sfr. Nord-Ost Berlin"]
[BlackTeam "Hamburger SK 3"]
[PlyCount "124"]
[WhiteFideId "16228944"]
[BlackFideId "34650148"]
[EventCountry "GER"]
[EventRounds "7"]
[EventType "team-swiss"]
[EventDate "2014.12.27"]

1. d4 d5 2. Nf3 Nc6 3. c3 Nf6 4. Nbd2 Bg4 5. e3 e6 6. Bd3 e5 7. h3 e4 8. hxg4
exd3 9. g5 Ne4 10. a3 Nxg5 11. c4 dxc4 12. Nxc4 Nxf3+ 13. Qxf3 Bd6 14. Qe4+ Be7
15. Qxd3 Bc5 16. b4 Be7 17. Rxh7 Rxh7 18. Qxh7 Qd5 19. Nd2 Qxg2 20. Qd3 O-O-O
21. Qf5+ Rd7 22. Qf3 Qg1+ 23. Ke2 Bh4 24. Bb2 Qh2 25. Qf4 Qh3 26. Qf3 Qe6 27.
Rd1 Nxd4+ 28. Bxd4 Rxd4 29. Rh1 Qa6+ 30. Kd1 Qd3 31. Ke1 Qxd2+ 32. Kf1 Qc1+ 33.
Kg2 Qc6 34. Qxc6 bxc6 35. exd4 g5 36. f4 f6 37. fxg5 fxg5 38. Kf3 g4+ 39. Kxg4
Bf6 40. Rd1 Kd7 41. Kf4 Kd6 42. Ke4 Ke6 43. a4 a6 44. Rc1 Kd6 45. Ke3 Bg7 46.
Rc5 Bh6+ 47. Kf3 Bg7 48. Kg4 Bh6 49. Rg5 Bxg5 50. Kxg5 Kd5 51. Kf6 Kxd4 52. Ke6
Kc4 53. Kd7 Kxb4 54. Kxc7 Kc5 55. Kb7 a5 56. Ka6 Kb4 57. Kb6 c5 58. Kc6 c4 59.
Kb6 c3 60. Kc6 c2 61. Kd5 c1=Q 62. Ke4 Kxa4 0-1

[Event "DVM U10 2014"]
[Site "Magdeburg GER"]
[Date "2014.12.27"]
[Round "2"]
[White "Fuhrmann, Bahne"]
[Black "Klühs, Gustaf"]
[Result "1/2-1/2"]
[Termination "normal"]
[Board "15.4"]
[WhiteElo "600"]
[BlackElo "918"]
[WhiteTeam "Hamburger SK 3"]
[BlackTeam "Sfr. Nord-Ost Berlin"]
[PlyCount "46"]
[WhiteFideId "16244842"]
[BlackFideId "16228936"]
[EventCountry "GER"]
[EventRounds "7"]
[EventType "team-swiss"]
[EventDate "2014.12.27"]

1. e4 b6 2. d4 Bb7 3. Nc3 e6 4. Bc4 Nf6 5. d5 exd5 6. exd5 Bb4 7. Bd2 Bxc3 8.
Bxc3 c6 9. Qe2+ Qe7 10. Qxe7+ Kxe7 11. dxc6 Nxc6 12. Ne2 Nd8 13. O-O Ne6 14.
Rfe1 Rhc8 15. Bb3 Nd5 16. Nd4 Nxc3 17. Nxe6 dxe6 18. bxc3 Rxc3 19. Rad1 Rac8
20. Rd4 Rd8 21. Rg4 g6 22. Rh4 h5 23. Rh3 Rcc8 1/2-1/2

[Event "DVM U10 2014"]
[Site "Magdeburg GER"]
[Date "2014.12.27"]
[Round "2"]
[White "Liebeskind, Pascal"]
[Black "Grund, Sebastian"]
[Result "0-1"]
[Termination "normal"]
[Board "16.1"]
[WhiteElo "1095"]
[BlackElo "1810"]
[WhiteTeam "TSG Apolda"]
[BlackTeam "MTV 1876 Saalfeld"]
[PlyCount "49"]
[WhiteFideId "16212380"]
[BlackFideId "12988626"]
[EventCountry "GER"]
[EventRounds "7"]
[EventType "team-swiss"]
[EventDate "2014.12.27"]

1. d4 Nf6 2. Nf3 g6 3. e3 Bg7 4. c4 c5 5. Nc3 cxd4 6. exd4 d5 7. cxd5 Nxd5 8.
Bc4 Nf6 9. b3 O-O 10. O-O Nc6 11. Bb2 a6 12. a4 e6 13. Re1 Qc7 14. Qd2 Rd8 15.
Qe3 b6 16. Rad1 Bb7 17. Ne2 Nb4 18. Qc3 a5 19. Ng3 Rac8 20. Ba3 Bxf3 21. gxf3
Nbd5 22. Qc1 Qb7 23. Qg5 Ne8 {[Sc2]} 24. Bxd5 Rxd5 25. Qe7 {Aufgabe} 0-1

[Event "DVM U10 2014"]
[Site "Magdeburg GER"]
[Date "2014.12.27"]
[Round "2"]
[White "Gräf, Patrick"]
[Black "Henzgen, Nick"]
[Result "0-1"]
[Termination "normal"]
[Board "16.2"]
[WhiteElo "930"]
[BlackElo "1161"]
[WhiteTeam "MTV 1876 Saalfeld"]
[BlackTeam "TSG Apolda"]
[PlyCount "68"]
[BlackFideId "16212347"]
[EventCountry "GER"]
[EventRounds "7"]
[EventType "team-swiss"]
[EventDate "2014.12.27"]

1. e4 e5 2. Nf3 Nc6 3. Bc4 Be7 4. d4 exd4 5. Nxd4 Nxd4 6. Qxd4 Bf6 7. Qd5 Qe7
8. Bf4 c6 9. Qd6 Qxe4+ 10. Be2 Be7 11. Qe5 Qxg2 12. Rf1 Nf6 13. Bc4 d6 14. Qd4
O-O 15. Bg3 d5 16. Be2 Re8 17. Qd3 Bb4+ 18. Nc3 Bxc3+ 19. bxc3 Ne4 20. f3 Nxg3
21. hxg3 Qxg3+ 22. Kd1 Bh3 23. Re1 Bg2 24. f4 Qxf4 25. Bh5 Rxe1+ 26. Kxe1 Qh4+
27. Kd2 Qxh5 28. Rg1 Be4 29. Qd4 Qh2+ 30. Ke1 g6 31. Rf1 Re8 32. Kd1 Qxc2+ 33.
Ke1 Bd3+ 34. Qe3 Rxe3# 0-1

[Event "DVM U10 2014"]
[Site "Magdeburg GER"]
[Date "2014.12.27"]
[Round "2"]
[White "Burkhardt, Jonas"]
[Black "Lorenz, Keana"]
[Result "0-1"]
[Termination "normal"]
[Board "16.3"]
[WhiteElo "600"]
[BlackElo "1089"]
[WhiteTeam "TSG Apolda"]
[BlackTeam "MTV 1876 Saalfeld"]
[PlyCount "74"]
[BlackFideId "12990248"]
[EventCountry "GER"]
[EventRounds "7"]
[EventType "team-swiss"]
[EventDate "2014.12.27"]

1. e4 c5 2. Nf3 d6 3. Bb5+ Nc6 4. Bc4 Nf6 5. Ng5 e6 6. O-O h6 7. Nf3 Nxe4 8.
Bd3 Nf6 9. Bb5 g6 10. d4 Bg7 11. d5 exd5 12. Qe1+ Be6 13. Ne5 O-O 14. Nxc6 bxc6
15. Bxc6 Rc8 16. Bb7 Rc7 17. Ba6 Bf5 18. Na3 Re7 19. Be2 Rfe8 20. Qd1 Rxe2 21.
Bd2 Ne4 22. Qxe2 Ng3 23. Qd1 Nxf1 24. Qxf1 Bxb2 25. Ba5 Qxa5 26. Nc4 dxc4 27.
Rb1 Bxc2 28. Rxb2 Re1 29. Rb8+ Kg7 30. Re8 Rxf1+ 31. Kxf1 Bd3+ 32. Kg1 Qxa2 33.
h4 Qb1+ 34. Kh2 c3 35. g3 c2 36. h5 c1=Q 37. hxg6 Qh1# 0-1

[Event "DVM U10 2014"]
[Site "Magdeburg GER"]
[Date "2014.12.27"]
[Round "2"]
[White "Lorenz, Anouk"]
[Black "Wettig, Lukas"]
[Result "1-0"]
[Termination "normal"]
[Board "16.4"]
[WhiteElo "865"]
[BlackElo "600"]
[WhiteTeam "MTV 1876 Saalfeld"]
[BlackTeam "TSG Apolda"]
[PlyCount "29"]
[WhiteFideId "12990256"]
[EventCountry "GER"]
[EventRounds "7"]
[EventType "team-swiss"]
[EventDate "2014.12.27"]

1. e4 e5 2. Nf3 Nc6 3. Bc4 Bc5 4. Nc3 Nf6 5. d3 O-O 6. Be3 Bd6 7. Qd2 Be7 8.
O-O-O d6 9. h4 Bd7 10. Nd5 Nxd5 11. Bxd5 Nb8 12. Bh6 gxh6 13. Qxh6 Re8 14. Ng5
Bf8 15. Qxh7# 1-0

[Event "DVM U10 2014"]
[Site "Magdeburg GER"]
[Date "2014.12.27"]
[Round "2"]
[White "Siol, Mats Lennart"]
[Black "Winkelmann, Maurits"]
[Result "0-1"]
[Termination "normal"]
[Board "17.1"]
[WhiteElo "1067"]
[BlackElo "1129"]
[WhiteTeam "SK Blauer Springer Paderborn 2"]
[BlackTeam "SC 1997 Lambsheim"]
[PlyCount "119"]
[WhiteFideId "16229240"]
[EventCountry "GER"]
[EventRounds "7"]
[EventType "team-swiss"]
[EventDate "2014.12.27"]

1. d4 d5 2. Nf3 Nc6 3. e3 Nf6 4. Bd3 e6 5. b3 Bd7 6. Bb2 Bd6 7. Nbd2 Qe7 8. Qe2
e5 9. dxe5 Bxe5 10. Nxe5 Nxe5 11. Nf3 Nxd3+ 12. Qxd3 Qb4+ 13. c3 Qd6 14. O-O-O
O-O-O 15. Qd4 b6 16. Ne5 Qc5 17. Qxc5 bxc5 18. Nxf7 Ne4 19. Rhf1 Bb5 20. Rfe1
Nxf2 21. Rd2 Nd3+ 22. Rxd3 Bxd3 23. Nxh8 Rxh8 24. Rd1 Be4 25. g3 a5 26. Ba3 c4
27. b4 axb4 28. Bxb4 Kb7 29. Kd2 Kb6 30. Ra1 c5 31. Ba3 Rf8 32. Bb2 Rf2+ 33.
Kc1 Rxh2 34. a4 Rh1+ 35. Kd2 Rxa1 36. Bxa1 g5 37. Ke2 h5 38. Bb2 h4 39. gxh4
gxh4 40. Kf1 h3 41. Kg1 Ka5 42. Ba3 Kxa4 43. Bxc5 Kb3 44. Bd4 Kc2 45. Kh2 Bf5
46. Be5 Kd3 47. Bd4 Be6 48. Kg3 Bf5 49. Kh2 Kc2 50. Kh1 Kd2 51. Kg1 Ke2 52. Kh2
Kf2 53. Kh1 Kg3 54. Be5+ Kf3 55. Bd4 Be4 56. Kh2 Bf5 57. Kh1 Kf2 58. e4+ Ke2
59. e5 Kd3 60. e6 0-1

[Event "DVM U10 2014"]
[Site "Magdeburg GER"]
[Date "2014.12.27"]
[Round "2"]
[White "Warzecha, Fabian"]
[Black "Nguyen, Frank"]
[Result "0-1"]
[Termination "normal"]
[Board "17.2"]
[WhiteElo "1121"]
[BlackElo "600"]
[WhiteTeam "SC 1997 Lambsheim"]
[BlackTeam "SK Blauer Springer Paderborn 2"]
[PlyCount "42"]
[EventCountry "GER"]
[EventRounds "7"]
[EventType "team-swiss"]
[EventDate "2014.12.27"]

1. d4 d5 2. Nf3 Nf6 3. Nc3 Nc6 4. Bg5 h6 5. Bxf6 exf6 6. e3 Bd6 7. Bd3 Nb4 8.
Bb5+ c6 9. Be2 Bf5 10. Bd3 Qc8 11. a3 Nxd3+ 12. cxd3 Bg4 13. Qe2 Bxf3 14. Qxf3
O-O 15. O-O Bb8 16. Rfe1 c5 17. Rac1 cxd4 18. Nxd5 Qe6 19. exd4 Qd6 20. Re2
Qxh2+ 21. Kf1 Qh1# 0-1

[Event "DVM U10 2014"]
[Site "Magdeburg GER"]
[Date "2014.12.27"]
[Round "2"]
[White "Hegemann, Erik"]
[Black "Kahlsdorf, Fabian"]
[Result "1/2-1/2"]
[Termination "normal"]
[Board "18.1"]
[WhiteElo "1176"]
[BlackElo "1055"]
[WhiteTeam "SG Turm Raesfeld/Erle"]
[BlackTeam "Braunschweiger SF"]
[PlyCount "111"]
[WhiteFideId "16234618"]
[BlackFideId "16201140"]
[EventCountry "GER"]
[EventRounds "7"]
[EventType "team-swiss"]
[EventDate "2014.12.27"]

1. e4 d5 2. Nc3 d4 3. Nd5 e6 4. Nf4 e5 5. Nd5 Be6 6. Bc4 Ne7 7. Nxe7 Qxe7 8.
Bxe6 Qxe6 9. d3 Nc6 10. Ne2 Be7 11. f4 O-O 12. f5 Qd7 13. c3 Rae8 14. O-O Rd8
15. Qe1 Bc5 16. b4 Bb6 17. c4 a6 18. Qg3 Rfe8 19. Bh6 g6 20. fxg6 hxg6 21. b5
axb5 22. cxb5 Nb4 23. Rf5 Qxb5 24. Raf1 Qxd3 25. Rxf7 Qxg3 26. Nxg3 Nxa2 27.
Rg7+ Kh8 28. Rxg6 Nc3 29. Rf7 Ne2+ 30. Nxe2 d3+ 31. Kf1 d2 32. Nc3 Rd3 33. Bg5
d1=Q+ 34. Nxd1 Rxd1+ 35. Ke2 Rd6 36. Bf6+ Rxf6 37. Rfxf6 Ba7 38. h4 c5 39. h5
c4 40. Rg3 Bd4 41. h6 c3 42. Kd1 Rc8 43. Kc2 b5 44. Rf1 b4 45. h7 b3+ 46. Kxb3
c2 47. Rc1 Bf2 48. Rh3 Bd4 49. Rxc2 Rxc2 50. Kxc2 Bc5 51. g4 Bf8 52. Rh5 Bg7
53. Kd3 Bf6 54. g5 Bg7 55. Kc4 Bf6 56. gxf6 1/2-1/2